| 000 | 01525nam a22002657a 4500 | ||
|---|---|---|---|
| 005 | 20100830104546.0 | ||
| 010 | _aHIN-90205-06 | ||
| 020 |
_a9788188014446 _c495.00 |
||
| 020 |
_a9788188014453 _c495.00 |
||
| 035 | _aHN-62551-52 | ||
| 037 | _bDBAD / PUB | ||
| 082 | _aक | ||
| 245 |
_aरवीन्द्रनाथ टैगोर की सम्पूर्ण कहानियाँ / _cमाधवानन्द सारस्वत द्वारा संपादित |
||
| 246 |
_aRavindranath Tagore ki sampuran Kahaniya _bEd by Madhva Nand Saraswat |
||
| 260 |
_aदिल्ली _bअखिल भारती _c2010 |
||
| 270 |
_a3014, चर्खेवालान _bदिल्ली _e110006 _k23947589 |
||
| 300 |
_a2 भाग (456पृ;392पृ) _c22सेमी (सजिल्द) |
||
| 500 | _a2 भागों में प्रकाशित | ||
| 500 | _aनोबेल पुरस्कार से सम्मानित साहित्यकार | ||
| 650 |
_aलघु कथाएँ, हिन्दी _91169 |
||
| 700 |
_aसारस्वत, माधवानन्द _917425 |
||
| 942 |
_2ddc _cHN _hक _mटैगोर |
||
| 999 |
_c43108 _d43108 |
||